000 00807nam a2200241 a 4500
001 51714
003 BD-RjUL
005 20211209075713.0
008 160901s2010 bg a b 001 0 eng
020 _a9847013304067
035 _a(BD-RjUL) 51834
040 _aDLC
_cDLC
_dDLC
_dBD-RjUL
_beng
041 0 _aeng
_aben
082 _223
_a954.9205
_bTRM 2010
100 1 _aTribedī, Rabīndranātha
_d1944-
_9154609
245 1 0 _aMurder, mayhem, and politics in Bangladesh /
_cRabindranath Trivedi
260 _aDhaka :
_bKakoli Prakashani,
_c2010.
300 _a864 p. :
_bill. ;
_c22 cm.
504 _aIncludes bibliographical references (p. 783-785) and index.
651 0 _aBangladesh
_xHistory
_yRevolution, 1971.
_9154610
651 0 _aBangladesh
_xPolitics and government
_y1971-
_9116974
942 _2ddc
_cBK
999 _c51714
_d51714